000 00645nas a2200241 4500
001 BR9403993
003 BR-BrBNA
005 20231205093628.0
007 ta
008 230509b bl.|||p| |||| 00| 00por d
040 _aBR-BrBNA
_bpor
_cBiblioteca Nacional de Agricultura
041 _a(Pt)
072 _aJ11
100 1 _aStagemann, C.
245 1 _aRatos, duros de roer
650 _aRato
650 _aPaiol
650 _aSilo
650 _aArmazenamento de Alimento
773 0 _tGlobo Rural (Brazil)
_xISSN 0108-6178
_g(Feb 1993), v. 8(88) p. 53-57
_wBR9403993
909 _a202311
_bLúcia
_c55
_dLúcia Elande
942 _2AGRIS
_n0
_cANA
999 _c139550
_d139550